| 000 | 00423cam a2200181 4500 | ||
|---|---|---|---|
| 001 | D14363 | ||
| 008 | 090401t1944 xxu||||| |||| 00| 0 eng d | ||
| 035 | _a(Sirsi) u15110 | ||
| 041 | _aeng | ||
| 110 |
_aWar Department _93238 |
||
| 245 | _aAerial phototopography: section VII | ||
| 260 |
_aLondon? _c1944 |
||
| 300 | _a21p. 26cm. (TM5-240) | ||
| 350 | _a0 | ||
| 520 | _aShelf 183 | ||
| 942 | _n0 | ||
| 948 | _c04/03/1997 | ||
| 999 |
_c87252 _d87252 |
||